000 01380nam a22002777a 4500
001 EPSA 0272
003 gtcocun
005 20250919164746.0
006 a||||gr|||| 00| 0
007 ta
008 250919b2024 gt ||||| m||| 00| 0 eng d
040 _agtcocun
_bSPA
_cgtcocun
_eRDA
041 _aSPA EPSA 0272
084 _0 EPSA 0272
100 _aSacul Valle, Hansell Marcelo
_eAutor
245 _aINFORME FINAL DEL EJERCICIO PROFESIONAL SUPERVISADO, REALIZADO EN EL TALLER WOLF´S, TACTIC, ALTA VERAPAZ/
_cHansell Marcelo Sacul Valle.
_hImpreso
264 _aCobán, Alta Verapaz:
_bUniversidad de San Carlos de Guatemala, Centro Universitario del Norte, Licenciatura en Administración de Empresas
_c2024
300 _a63 p.:
_bIlustraciones, gráficas.
_c28 cm;
502 _eEPSA 0272
502 _aEjercicio Profesional Supervisado
_bLicenciatura en Administración de Empresas,
_cUniversidad de San Carlos de Guatemala, Centro Universitario del Norte, Licenciatura en Administración de Empresas
_d2024
_oEPSA 0272
650 _2LEMB
_aTactic, Alta Verapaz
_xAdministración
_xDebilidades
_xBeneficios
_xPropuestas
_xPersonal
_xManual
_xEstrategias
700 _aLcda. Gladis Margarita Cacao Requena
_eAsesor
856 _uSin archivo en línea.
_zSin archivo en línea.
942 _2ddc
_cTES
_iEPSA 0272
_kClasificación
_n0
_6EPSA_0272_000000000000000
999 _c1984
_d1984